000
00273nam a22000977a 4500
008
241204b |||||||| |||| 00| 0 eng d
020
_a
9789386826473
100
_a
Dikshit Sheila
_9
7819
245
_a
Citizen Delhi My Times, My Life
260
_b
New Delhi
_c
Bloomsbury India
_d
2018
999
_c
12721
_d
12721